000 01051nam a22003257a 4500
003 CHAP
005 20220329134011.0
008 971013s1964 r 00010 d
010 _a13878
011 _a14850
035 _a18924
040 _cCHAP
090 _aFolleto 811
100 0 0 _aGonzález Díaz Lombardo, Guillermo.
_948851
245 _aSeguro ganadero, protección nacional de la riqueza pecuaria
260 _aMéxico, D.F. :
_bCorreo Privado,
_c1964
300 _a16 p.
490 _aCorreo Privado. Documentos
_v; 8
500 _a1c en bodega
590 _aBATCH-UPD
_b10
_c20130110
_lUCH01
_h1643
590 _aBATCH-UPD
_b10
_c20130410
_lUCH01
_h1033
590 _aBATCH-UPD
_b10
_c20130914
_lUCH01
_h1915
590 _aCONVERSION
_b10
_c20130109
_lUCH01
_h1309
650 1 4 _aSeguro ganadero
_xMéxico.
_9103727
830 0 _aCorreo Privado. Documentos
_v; 8
_928251
901 _aBK
942 _cFOLL
949 _aFolleto 811
_bBC
_cFOLL
_d-44021
_eTS1
_i18924
_mD
_si
949 _aFolleto 811
_bBC
_cFOLL
_d-44022
_eTS2
_fc.2
_i18924
_mD
_si
999 _c13878
_d13878